Organisation et classification des plantes vasculaires

সংরক্ষণ করুন:
গ্রন্থ-পঞ্জীর বিবরন
প্রধান লেখক: Guy Deysson
বিন্যাস: গ্রন্থ
ভাষা:Undetermined
প্রকাশিত: Paris SEDES 1967
বিষয়গুলি:
ট্যাগগুলো: ট্যাগ যুক্ত করুন
কোনো ট্যাগ নেই, প্রথমজন হিসাবে ট্যাগ করুন!
Thư viện lưu trữ: Trung tâm Học liệu Trường Đại học Cần Thơ
LEADER 00452nam a2200169Ia 4500
001 CTU_8869
008 210402s9999 xx 000 0 und d
082 |a 587.012 
082 |b D531/T2 
100 |a Guy Deysson 
245 0 |a Organisation et classification des plantes vasculaires 
245 0 |c Guy Deysson 
260 |a Paris 
260 |b SEDES 
260 |c 1967 
650 |a pteridophyta 
980 |a Trung tâm Học liệu Trường Đại học Cần Thơ